Spotrebiteľ a trhové vzťahy
Guardado en:
| Autor principal: | |
|---|---|
| Formato: | Libro |
| Lenguaje: | eslovaco |
| Publicado: |
Bratislava
Práca
1991
|
| Edición: | 1. vyd. |
| Colección: | Knižnica odborára
Zv.1/91 |
| Etiquetas: |
Sin Etiquetas, Sea el primero en etiquetar este registro!
|
MARC
| LEADER | 00000nam a2200000 4500 | ||
|---|---|---|---|
| 001 | c024626 | ||
| 005 | 20221214094859.8 | ||
| 041 | 0 | |a slo | |
| 044 | |a SK | ||
| 245 | 1 | 0 | |a Spotrebiteľ a trhové vzťahy |c Terezia Lenczová |
| 250 | |a 1. vyd. | ||
| 264 | 1 | |a Bratislava |b Práca |c 1991 | |
| 300 | |a 78 s. | ||
| 490 | 1 | |a Knižnica odborára |v Zv.1/91 | |
| 830 | 0 | |a Knižnica odborára |v Zv.1/91 | |
| 100 | 1 | |a Lenczová, Terezia | |